000 00980nam a22003137a 4500
003 CHAP
005 20220329140708.0
008 971013s1963 r 00010 d
010 _a56178
011 _a57150
035 _a61303
040 _cCHAP
090 _aFolleto 1020
100 0 0 _aShilling, Charles Wesley.
_9105692
245 1 _aScience information administrator training program
260 _aWashington :
_bBiological Sciences Communication Projet,
_c1963
300 _a16 h.
490 _aCommuniqué
_v; rev. 63
590 _aBATCH-UPD
_b10
_c20130110
_lUCH01
_h0221
590 _aBATCH-UPD
_b10
_c20130110
_lUCH01
_h1821
590 _aBATCH-UPD
_b10
_c20130410
_lUCH01
_h1155
590 _aBATCH-UPD
_b10
_c20130914
_lUCH01
_h1019
590 _aCONVERSION
_b10
_c20130109
_lUCH01
_h1330
650 1 4 _aDocumentación.
_933172
830 0 _aCommuniqué
_v; rev. 63
_926054
901 _aBK
942 _cFOLL
949 _aFolleto 1020
_bBC
_cFOLL
_d-131743
_eTS1
_i61303
_si
999 _c56178
_d56178